00302nam a2200121Ia 4500008004100000020001800041041000800059082001600067100001400083245003600097250000900133260003800142230717s1990 xx 000 0 und d a81-7177-086-X aeng a340.03bSAH aSaha A. N aLegal And Commercial Dictionary a5ed. aCalcuttabEastern Law Housec1990